Candidatos à presidência do Brasil nas eleições de 2014 - Statistics

Estatísticas Gerais
  • Esse quiz foi jogado 75 vezes
  • A pontuação média é 7 de 11
Estatísticas das Respostas
Partido Candidato % Correto
PSDB Aécio Neves
97%
PT Dilma Rousseff
92%
PSB Marina Silva
91%
PSDC José Maria Eymael
73%
PRTB Levy Fidelix
73%
PSOL Luciana Genro
72%
PV Eduardo Jorge
67%
PSC Pastor Everaldo
56%
PCO Rui Costa Pimenta
52%
PSTU José Maria de Almeida
45%
PCB Mauro Iasi
22%
Nenhum quiz correspondente encontrado
Distribuição das Pontuações
Porcentagem de Pessoas com Cada Pontuação
Percentil de Números Respondidos
Sua Pontuação Histórica
Você não jogou esse quiz